La Tierra Santa (Record no. 170931)
[ view plain ]
| 000 -LEADER | |
|---|---|
| campo de control de longitud fija | 00816nam a22001815i 4500 |
| 001 - NÚMERO DE CONTROL | |
| campo de control | 170931 |
| 003 - IDENTIFICADOR DE NÚMERO DE CONTROL | |
| campo de control | ES-MaACL |
| 005 - FECHA Y HORA DE LA ÚLTIMA TRANSACCIÓN | |
| campo de control | 20230906214512.0 |
| 008 - DATOS DE LONGITUD FIJA--INFORMACIÓN GENERAL | |
| campo de control de longitud fija | 090417s1898 sp |||| | spa d |
| 080 ## - NÚMERO DE LA CLASIFICACIÓN DECIMAL UNIVERSAL | |
| Número de la Clasificación Decimal Universal | 913(569.4)"18" |
| 100 1# - ENTRADA PRINCIPAL--NOMBRE DE PERSONA | |
| Nombre de persona | Ferreiroa, Urbano. |
| 9 (RLIN) | 50401 |
| 245 13 - MENCIÓN DEL TÍTULO | |
| Título | La Tierra Santa |
| Resto del título | : su descripción y su portentosa historia : comprenderá los hechos mas culminantes de la historia de Palestina hasta nuestros tiempos y el estado actual de los Santos Lugares / |
| Mención de responsabilidad, etc. | obra publicada bajo la dirección ... Urbano Ferreiroa. |
| 260 ## - PUBLICACIÓN, DISTRIBUCIÓN, ETC. | |
| Lugar de publicación, distribución, etc. | Valencia : |
| Nombre del editor, distribuidor, etc. | [L. Badía], |
| Fecha de publicación, distribución, etc. | 1898 ( |
| Fabricante | Est. tip. Domenech) |
| 300 ## - DESCRIPCIÓN FÍSICA | |
| Extensión | XXXIV, 252 p., [13] h. de lám. : |
| Otras características físicas | il. ; |
| Dimensiones | 29 cm. |
| 500 ## - NOTA GENERAL | |
| Nota general | Frontispicio en color. |
| 651 #4 - PUNTO DE ACCESO ADICIONAL DE MATERIA--NOMBRE GEOGRÁFICO | |
| Nombre geográfico | Palestina- |
| Subdivisión general | Descripción. |
| 9 (RLIN) | 9196 |
| 852 ## - LOCALIZACIÓN | |
| Ubicación | ES-MaACL |
| Número de control de estantería | G-5407 |
| itemnumber | R.144696 |
| Nota libre | .- Enc. tela grabada |
| Estatus retirado | Estado de pérdida | Estado de daño | No para préstamo | Colección | Biblioteca de origen | Biblioteca actual | Ubicación en estantería | Fecha de adquisición | Fuente de adquisición | Total de préstamos | Signatura topográfica completa | Código de barras | Visto por última vez | Precio de reemplazo | Tipo de ítem Koha |
|---|---|---|---|---|---|---|---|---|---|---|---|---|---|---|---|
| Libros del s. XIX | Biblioteca del Ateneo de Madrid | Biblioteca del Ateneo de Madrid | Depósito 2 | 17/04/2009 | G-5407 | 1179393 | 23/02/2023 | 23/02/2023 | Libro impreso antiguo |
